Overseas Indonesian Population - Statistics

General Stats
  • This quiz has been taken 416 times
  • The average score is 9 of 12
Answer Stats
# Country % Correct
3,550,000 Malaysia
99%
2,740,000 Singapore
93%
505,000 United States
93%
105,000 Australia
90%
91,000 Japan
89%
84,000 South Korea
78%
3,096,000 Saudi Arabia
76%
3,120,000 Netherlands
74%
780,000 Taiwan
70%
100,000 United Arab Emirates
66%
92,000 Qatar
54%
102,000 Suriname
35%
No matching quizzes found
Score Distribution
Percent of People with Each Score
Percentile by Number Answered
Your Score History
You have not taken this quiz